000 00526nam a2200157 a 4500
001 000028044
005 20240305122052.0
008 110406s1957 dr c 000 0 spa d
040 _aDO-SdBNP
_bspa
_cBNPHU
082 _axxx
_bH565c
100 1 _aHerrera, César A.,
_d1910-1988
_98333
245 1 0 _aCordell Hull :
_bPaladín de la democracia y del Panamericanismo /
_cCésar A. Herrera.
260 _aCiudad Trujillo, República Dominicana :
_bEditora del Caribe,
_c1957.
300 _a32 p. :
_bretrs. ;
_c24 cm.
049 _aBNPD
999 _c27536
_d27536